| 000 | 01266cam a2200373Ka 4500 | ||
|---|---|---|---|
| 001 | 73166 | ||
| 005 | 20230410130921.0 | ||
| 008 | 010518m2004 sp 000 1 spa d | ||
| 035 | _a(OCoLC)ocm47683852 | ||
| 040 |
_aPL# _cPL# _dOCL _dCGP _dPRC _dOCLCQ _dOCL _dBAKER _dBTCTA _dYDXCP |
||
| 020 | _a8420691054 (obra completa) | ||
| 020 | _a9788420691053 (obra completa) | ||
| 020 | _a8420634735 (t.1) | ||
| 020 | _a9788420634739 (t.1) | ||
| 035 | _a(OCoLC)47683852 | ||
| 050 | 1 | 4 |
_aPQ 7797 _bC827r 2004 |
| 049 | _aGRAL | ||
| 100 | 1 |
_aCortázar, Julio, _d1914-1984. |
|
| 245 | 1 | 4 |
_aLos relatos / _cJulio Cortázar. |
| 250 | _a1. ed. en "Area de conocimiento, Literatura." | ||
| 260 |
_aMadrid : _bAlianza, _c2004 |
||
| 300 |
_av. <1>; _c18 cm. |
||
| 490 | 1 |
_aEl Libro de bolsillo ; _v5305-. _aLiteratura hispanoamericana |
|
| 490 | 0 | _aLiteratura | |
| 505 | 1 | _at.1: Ritos. | |
| 830 | 0 |
_aLibro de bolsillo. _pLiteratura hispanoamericana. _pContemporáneos. |
|
| 938 |
_aPuvill Libros _bPUVL _n8420634735 _c$7.78 |
||
| 938 |
_aBaker and Taylor _bBTCP _nbl2006000721 |
||
| 938 |
_aBaker & Taylor _bBKTY _c21.95 _d21.95 _i8420634735 _n0003677004 _sactive |
||
| 938 |
_aYBP Library Services _bYANK _n2647521 |
||
| 942 |
_2lcc _cbk |
||
| 994 |
_aC0 _bDRFGD |
||
| 946 | _aRCH | ||
| 999 |
_c82705 _d82705 |
||